ბათუმის შოთა რუსთაველის სახელმწიფო უნივერსიტეტის ბიბლიოთეკა

Введение в проблемы биохимичесчкой экологии. (ბიბ.ჩანაწერი № 35233)

000 -LEADER
fixed length control field 00732nam a2200229Ia 4500
001 - CONTROL NUMBER
control field 1079
003 - CONTROL NUMBER IDENTIFIER
control field GE_BSU
008 - FIXED-LENGTH DATA ELEMENTS--GENERAL INFORMATION
fixed length control field 181216s||||||||xx |||||||||||||| ||und||
040 ## - CATALOGING SOURCE
Transcribing agency GE_BSU
080 ## - UNIVERSAL DECIMAL CLASSIFICATION NUMBER
Universal Decimal Classification number 574
100 ## - MAIN ENTRY--PERSONAL NAME
Personal name Телитченко,М.М.
245 ## - TITLE STATEMENT
Title Введение в проблемы биохимичесчкой экологии.
245 ## - TITLE STATEMENT
Remainder of title Биотехнология,Сельское хозяйство,охрана среды
245 ## - TITLE STATEMENT
Statement of responsibility, etc. Отв.ред.В.Н.Большаков
260 ## - PUBLICATION, DISTRIBUTION, ETC.
Place of publication, distribution, etc. Москва
260 ## - PUBLICATION, DISTRIBUTION, ETC.
Name of publisher, distributor, etc. Наука
260 ## - PUBLICATION, DISTRIBUTION, ETC.
Date of publication, distribution, etc. 1990
300 ## - PHYSICAL DESCRIPTION
Extent 288стр.
653 ## - INDEX TERM--UNCONTROLLED
Uncontrolled term Введение в проблемы биохимичесчкой экологии
942 ## - ADDED ENTRY ELEMENTS (KOHA)
Koha item type წიგნი
ეგზემპლარები
Withdrawn status Lost status Damaged status Not for loan Date acquired Barcode Date last seen Price effective from Koha item type
        2018-12-17 2009 2018-12-17 2018-12-17 წიგნი